| 000 | 01697nam a2200469 i 4500 | ||
|---|---|---|---|
| 001 | 15405 | ||
| 003 | KOSZ 005 | ||
| 005 | 20200629111618.0 | ||
| 008 | 200414s1972 pl a f f 000 0 pol | ||
| 015 | _aUWD 1973/10893 | ||
| 035 | _a991036043509705066 | ||
| 035 | _a(PL-WaBN)b19686663-48omnis_nlop | ||
| 035 | _ab19686663 | ||
| 035 | _a(OCoLC)749334837 | ||
| 035 | _a(PL)b0000001968666 | ||
| 035 | _a(EXLNZ-48OMNIS_NETWORK)9910188494605606 | ||
| 040 |
_aWA N _cWA N _dKOSZ 005/RW |
||
| 046 | _k1972 | ||
| 080 | _a66 | ||
| 080 | _a(075.8) | ||
| 100 | 1 |
_aPischinger, Ernest _d(1905-1980) _eAutor |
|
| 245 | 1 | 0 |
_aChemia techniczna. _nCz. 2 / _cErnest Pischinger, Mieczysław Lango ; Wyższa Szkoła Inżynierska im. Jana i Jędrzeja Śniadeckich w Bydgoszczy. |
| 260 |
_aBydgoszcz : _bWyższa Szkoła Inżynierska, _c1972. |
||
| 300 |
_a[10], 203 strony : _bilustracje ; _c24 cm. |
||
| 336 |
_aTekst _btxt _2rdacontent |
||
| 337 |
_aBez urządzenia pośredniczącego _bn _2rdamedia |
||
| 338 |
_aWolumin _bnc _2rdacarrier |
||
| 380 | _aKsiążki | ||
| 380 | _aPublikacje dydaktyczne | ||
| 388 | _a1901-2000 | ||
| 388 | _a1945-1989 | ||
| 650 | 7 |
_aTechnologia chemiczna _2DBN |
|
| 650 | 7 | _aPrzemysł | |
| 655 | 7 |
_aPodręczniki akademickie _2DBN |
|
| 658 | _aChemia | ||
| 658 | _aInżynieria i technika | ||
| 700 | 1 |
_aLango, Mieczysław _eAutor |
|
| 710 | 2 |
_aUniwersytet Technologiczno-Przyrodniczy im. Jana i Jędrzeja Śniadeckich (Bydgoszcz) _bWydawnictwa Uczelniane _4pbl |
|
| 856 |
_uhttp://koha.tu.koszalin.pl/cgi-bin/koha/opac-detail.pl?biblionumber=15405 _yKatalog online BPK |
||
| 942 |
_2UKD _cKS |
||
| 999 |
_c15405 _d15405 |
||